| 000 | 00723nam a2200205 i 4500 | ||
|---|---|---|---|
| 001 | 122073 | ||
| 003 | ES-MaACL | ||
| 005 | 20251003190024.0 | ||
| 007 | t| | ||
| 008 | 070214s1905 fr r ||||1| fre d | ||
| 100 | 1 |
_aPotocki, Jules. _9154662 |
|
| 245 | 1 | 2 |
_aL'oeuf humain et les premiers stades de son développement _b: elements d'embryogénie / _cpar J. Potocki, A. Branca ; préface de Pinard. |
| 260 |
_aParis : _bG. Steinheil, _c1905. |
||
| 300 |
_aVIII, 196 p., 7 lám. : _bil. ; _c28 cm. |
||
| 650 | 7 |
_aEmbriología humana _2embne _9144919 |
|
| 700 | 1 |
_aBranca, Albert, _d1868-1929 _9154663 |
|
| 700 | 1 |
_aPinard, Adolphe, _d1844-1934 _9154655 |
|
| 852 |
_aES-MaACL _jB-11151 |
||
| 999 |
_c122073 _d122073 |
||